000 01009nam a2200265 a 4500
001 45377
003 BD-RjUL
005 20211209054013.0
008 160725s1969 bg ||||| |||| 001 0 ben d
020 _c: Tk. 16.00
035 _a(BD-RjUL)45495
040 _aBD-RjUL
_bben
_cBD-RjUL
041 _aben
082 _223
_a079.5492
_bANM 1969
100 1 _aআনিসুজ্জামান
_9138935
245 1 0 _aমুসলিম বাংলার সাময়িক পত্র:
_b[১৮৩১-১৯৩০] /
_cআনিসুজ্জামান
260 _aঢাকা :
_bবাংলা একাডেমী,
_c১৯৬৯
300 _a[৫৫], ৫৯৩ পৃ. ;
_c২১ সেমি.
490 _aবাএ ;
_v২৬৪
500 _aনির্ঘণ্ট সংযুক্ত
650 _aসাংবাদিকতা
_zবাংলাদেশ
_9124492
650 _aJournalism
_zBangladesh
_9124493
830 _aবাএ ;
_v২৬৪
_9237494
942 _2ddc
_cBK
999 _c45377
_d45377